Emergence - Sleep Token (lyric quiz) - Statistics

General Stats
  • This quiz has been taken 55 times
  • The average score is 377 of 458
Answer Stats
Lyrics % Correct
I
100%
you
96%
You
96%
a
93%
In
93%
in
93%
the
93%
again
89%
am
89%
and
89%
And
89%
be
89%
come
89%
Come
89%
from
89%
go
89%
Go
89%
it's
89%
It's
89%
know
89%
laid
89%
No
89%
on
89%
on,
89%
relinquished
89%
rose
89%
So,
89%
So
89%
so
89%
underneath
89%
were
89%
we're
89%
where
89%
who
89%
Who
89%
world,
89%
your
89%
are
86%
Are
86%
close
86%
do
86%
emerge
86%
end
86%
feel
86%
feeling
86%
have
86%
I'm
86%
I'm,
86%
Living
86%
"Living
86%
that
86%
time
86%
to
86%
Well,
86%
well
86%
when
86%
yeah
86%
ahead
82%
another
82%
arms
82%
Arms
82%
around
82%
at
82%
away
82%
by
82%
else
82%
inverse
82%
is
82%
let
82%
light
82%
me
82%
me,
82%
Might
82%
might
82%
mind
82%
my
82%
My
82%
nothing
82%
one,
82%
Out
82%
out
82%
pain,
82%
promised
82%
quiet
82%
quite,
82%
Red
82%
right
82%
same
82%
side
82%
take
82%
wrap
82%
as
79%
bulb?
79%
down
79%
for
79%
how
79%
word
79%
behaviour
75%
Canines
75%
Dark
75%
glass
75%
Glory
75%
half-life"
75%
heard
75%
hide
75%
I've
75%
legion
75%
matter
75%
meant
75%
nano?
75%
neighbours
75%
of
75%
past
75%
saviour
75%
tell
75%
Trauma
75%
universe
75%
afterlife
71%
asking
71%
blood
71%
call
71%
carbide
71%
chest
71%
culture?
71%
enemies
71%
gods
71%
got
71%
head-first
71%
now
71%
sign
71%
through
71%
what
71%
with
71%
alive
68%
beats
68%
below
68%
daylight
68%
dust
68%
eye
68%
Godspeed
68%
gold?
68%
midnight
68%
sanctified
68%
Sapphire
68%
skin
68%
solar
68%
Space
68%
tear
68%
vents
68%
white
68%
Burst
64%
Dancing
64%
dead
64%
Drowning
64%
flares
64%
fuel
64%
lockstep
64%
mind's
64%
rods
64%
solstice
64%
Started
64%
what's
64%
winds
64%
within
64%
you're
64%
bite
61%
days
61%
Hellfire
61%
lens
61%
woo!)
61%
depths
57%
versed
57%
(Huh,
46%
Oh,
43%
No matching quizzes found
Score Distribution
Percent of People with Each Score
Percentile by Number Answered
Your Score History
You have not taken this quiz